[Event "Tourn. n8999"]
[Site "www.chess-mail.com"]
[Date "2016.10.23"]
[Round "1"]
[White "Vasylpuzanov"]
[Black "Roohbakhsh"]
[WhiteElo "1680"]
[BlackElo "1899"]
[Result "0-1"]
[Round "1"]
1.e4 c5
2.Ng1f3 d6
3.d4 cxd4
4.Nf3xd4 Ng8f6
5.Nb1c3 g6
6.Bc1g5 Bf8g7
7.Bf1e2 O-O
8.O-O Nb8c6
9.Bg5xf6 { time. }
0-1

[Event "Tourn. n8990"]
[Site "www.chess-mail.com"]
[Date "2016.10.23"]
[Round "1"]
[White "Madz123456"]
[Black "Cal"]
[WhiteElo "1670"]
[BlackElo "1670"]
[Result "0-1"]
[Round "1"]
1.e4 e5
2.Nb1c3 Bf8b4
3.Nc3d5 Bb4c5
4.d4 exd4
5.b4 Bc5b6
6.Qd1g4 d6
7.Qg4xg7 Bc8e6
8.Qg7xh8 Be6xd5
9.Qh8xg8 Kd7
10.Qg8xd8 Kxd8
{ time. }
0-1

[Event "Tourn. n8993"]
[Site "www.chess-mail.com"]
[Date "2016.10.23"]
[Round "1"]
[White "Madz123456"]
[Black "Prize640"]
[WhiteElo "1670"]
[BlackElo "1799"]
[Result "0-1"]
[Round "1"]
1.e4 c5
2.Ng1f3 e6
3.Nb1c3 Nb8c6
4.h3 a6
5.d4 cxd4
6.Nf3xd4 Qd8c7
7.a3 Ng8f6
8.Bc1e3 b5
{ time. }
0-1

[Event "Tourn. n8990"]
[Site "www.chess-mail.com"]
[Date "2016.10.23"]
[Round "1"]
[White "Manuelito"]
[Black "Madz123456"]
[WhiteElo "1499"]
[BlackElo "1670"]
[Result "1-0"]
[Round "1"]
1.d4 d5
2.e3 Bc8f5
3.Ng1f3 e6
4.Bf1e2 Nb8c6
5.O-O Ng8f6
6.a3 Bf8d6
7.Nb1c3 h6
8.h3 a6
9.b4 O-O
10.Nf3h4 { time. }
1-0

[Event "Tourn. n8989"]
[Site "www.chess-mail.com"]
[Date "2016.10.23"]
[Round "1"]
[White "Manuelito"]
[Black "Madz123456"]
[WhiteElo "1499"]
[BlackElo "1670"]
[Result "1-0"]
[Round "1"]
1.d4 Ng8f6
2.e3 e6
3.Ng1f3 c5
4.c4 d5
5.Nb1c3 Nb8c6
6.Bf1e2 a6
7.O-O dxc4
8.Be2xc4 b5
9.Bc4e2 Bc8b7
10.dxc5 { time. }
1-0

[Event "Tourn. n8989"]
[Site "www.chess-mail.com"]
[Date "2016.10.23"]
[Round "1"]
[White "Madz123456"]
[Black "Prize640"]
[WhiteElo "1670"]
[BlackElo "1799"]
[Result "0-1"]
[Round "1"]
1.e4 c5
2.Ng1f3 Nb8c6
3.Bf1b5 Ng8f6
4.Nb1c3 Nc6d4
5.Bb5a4 Qd8a5
6.e5 Nf6e4
7.Nc3xe4 Qa5xa4
8.b3 Nd4xb3
9.Ne4c3 Qa4g4
{ time. }
0-1

[Event "Tourn. n8990"]
[Site "www.chess-mail.com"]
[Date "2016.10.23"]
[Round "1"]
[White "Cal"]
[Black "Manuelito"]
[WhiteElo "1670"]
[BlackElo "1499"]
[Result "0-1"]
[Round "1"]
1.c4 e6
2.a3 Ng8f6
3.e4 d6
4.Nb1c3 Nb8c6
5.h3 Bf8e7
6.d4 O-O
7.Ng1f3 Bc8d7
8.Bc1g5 h6
9.Bg5xf6 Be7xf6
10.b4 e5
11.dxe5 Nc6xe5
12.Nc3d5 Ne5xf3
13.gxf3 c6
14.Nd5f4 Bf6xa1
15.Qd1xa1 Qd8h4
16.Qa1c1 Rf8e8
17.Bf1g2 Ra8d8
18.O-O g5
19.Nf4e2 Bd7xh3
20.Bg2xh3 Qh4xh3
21.Ne2g3 f6
22.Ng3f5 d5
23.cxd5 Qh3xf3
24.Nf5xh6 Kh7
25.Nh6f5 Re8xe4
26.Nf5g3 Re4h4
27.Qc1c5 Rd8h8
28.a4 Kg6
29.Qc5c2 Kf7
30.dxc6 Rh4h1
31.Ng3xh1 Qf3xh1
{ resign }
0-1

[Event "Tourn. n8971"]
[Site "www.chess-mail.com"]
[Date "2016.10.23"]
[Round "1"]
[White "Glenno"]
[Black "Tartan"]
[WhiteElo "2400"]
[BlackElo "2470"]
[Result "0-1"]
[Round "1"]
1.e4 e6
2.d4 d5
3.Nb1c3 Bf8b4
4.e5 Qd8d7
5.Qd1g4 f5
6.Qg4g3 b6
7.Bc1d2 Bc8a6
8.Bf1xa6 Nb8xa6
9.Ng1e2 Bb4xc3
10.Bd2xc3 Qd7f7
11.Bc3d2 Ng8e7
 { time }
0-1

[Event "Tourn. n8851"]
[Site "www.chess-mail.com"]
[Date "2016.10.23"]
[Round "1"]
[White "Obisporey"]
[Black "Seger"]
[WhiteElo "2590"]
[BlackElo "2710"]
[Result "0-1"]
[Round "1"]
1.e4 c5
2.Ng1f3 d6
3.Bf1c4 Ng8f6
4.d3 e6
5.Bc4b3 Bf8e7
6.O-O Nb8c6
7.c3 O-O
8.Rf1e1 b6
9.Nb1d2 d5
10.Nd2f1 dxe4
11.dxe4 Qd8xd1
12.Bb3xd1 Bc8a6
13.Nf1g3 Ba6d3
14.Bd1e2 Bd3xe2
15.Re1xe2 h6
16.e5 Nf6d7
17.Re2e4 b5
18.Bc1e3 Rf8d8
19.Ra1e1 a5
20.Be3c1 a4
21.a3 Ra8b8
22.h3 Nc6a5
23.Re4g4 Kh7
24.Rg4f4 Rd8f8
25.Rf4g4 Rb8d8
26.Ng3h5 g6
27.Nh5g3 Nd7b6
28.Ng3f1 Rd8d3
29.Nf1d2 Rf8d8
30.Rg4f4 Kg7
31.Rf4e4 Nb6c4
32.Re4e2 Rd8d5
33.Re1f1 g5
34.g3 Nc4xd2
35.Nf3xd2 Na5c6
36.c4 Rd5d8
37.cxb5 Nc6d4
38.Re2e4 Rd3xd2
39.Bc1xd2 Nd4f3
40.Kg2 Nf3xd2
41.Re4xa4 Nd2xf1
42.Kxf1 Rd8d2
43.b3 Rd2d3
44.Ra4a7 Be7d8
45.a4 Rd3xb3
46.Ra7a8 Bd8c7
47.Ra8c8 Bc7xe5
48.Rc8xc5 Be5d4
49.Rc5c4 e5
50.f4 Rb3xg3
51.fxe5 Bd4xe5
52.h4 Rg3b3
53.hxg5 hxg5
54.Rc4c5 Kf6
55.a5 g4
56.a6 Rb3a3
{ resign }
0-1

[Event "Tourn. n9008"]
[Site "www.chess-mail.com"]
[Date "2016.10.23"]
[Round "1"]
[White "Picifarkinca"]
[Black "Luban"]
[WhiteElo "1920"]
[BlackElo "1970"]
[Result "1-0"]
[Round "1"]
1.Ng1f3 d5
2.g3 c5
3.Bf1g2 Nb8c6
4.O-O Ng8f6
5.d3 h6
6.Nb1d2 e6
7.Rf1e1 Bf8d6
8.e4 Qd8c7
9.exd5 Nf6xd5
10.Nd2c4 O-O
11.Nc4xd6 Qc7xd6
12.c4 Nd5b4
13.a3 Nb4a6
14.Bc1f4 Qd6e7
15.Nf3e5 Nc6xe5
16.Bf4xe5 f6
17.Be5c3 Ra8b8
18.Qd1d2 Qe7f7
19.Qd2f4 e5
20.Qf4e3 Bc8e6
21.f4 Kh8
22.fxe5 fxe5
23.Qe3xe5 Qf7f2
24.Kh1 Qf2f6
25.Qe5xe6 { resign }
1-0

[Event "Tourn. n8999"]
[Site "www.chess-mail.com"]
[Date "2016.10.23"]
[Round "1"]
[White "Prize640"]
[Black "Vasylpuzanov"]
[WhiteElo "2109"]
[BlackElo "1680"]
[Result "1-0"]
[Round "1"]
1.e4 e5
2.Bf1c4 Nb8c6
3.Ng1f3 Bf8c5
4.c3 Ng8f6
5.d3 d6
6.Bc4b3 Bc8g4
7.O-O a6
8.a4 Bc5a7
{ time. }
1-0

[Event "Tourn. n9009"]
[Site "www.chess-mail.com"]
[Date "2016.10.23"]
[Round "1"]
[White "Norlavuaram"]
[Black "Huw"]
[WhiteElo "2240"]
[BlackElo "2220"]
[Result "1-0"]
[Round "1"]
1.e4 c5
2.Ng1f3 Nb8c6
3.d4 cxd4
4.Nf3xd4 g6
5.Bc1e3 Bf8g7
6.Bf1c4 Ng8f6
7.f3 O-O
8.Nb1c3 Qd8b6
9.Bc4b3 Nf6xe4
10.Nc3d5 Qb6a5
11.c3 Ne4c5
12.Nd4xc6 dxc6
13.Nd5xe7 Kh8
14.Ne7xc8 Ra8xc8
15.O-O Rf8e8
16.Be3f2 Rc8d8
17.Qd1c2 Nc5d3
18.Ra1d1 Nd3xf2
19.Qc2xf2 Rd8xd1
20.Rf1xd1 Kg8
21.Rd1d7 { resign }
1-0

[Event "Tourn. n9001"]
[Site "www.chess-mail.com"]
[Date "2016.10.23"]
[Round "1"]
[White "Roque1"]
[Black "Cal"]
[WhiteElo "1650"]
[BlackElo "1620"]
[Result "1-0"]
[Round "1"]
1.e4 e5
2.Ng1f3 d6
3.d4 a6
4.dxe5 Bc8g4
5.Nb1c3 Ng8e7
6.Bc1g5 h6
7.Bg5h4 Ne7g6
8.Bh4xd8 Kxd8
9.Qd1d5 Bg4xf3
10.Qd5xb7 Bf3g4
11.Qb7xa8 Kc8
12.Bf1xa6 Kd7
13.Qa8xb8 Ke6
14.Qb8c8 Kxe5
15.Qc8xg4 Ng6f4
16.O-O-O g5
17.g3 Nf4e6
18.Qg4f5 
1-0

[Event "Tourn. n9005"]
[Site "www.chess-mail.com"]
[Date "2016.10.23"]
[Round "1"]
[White "Foxy100"]
[Black "Goofy"]
[WhiteElo "2300"]
[BlackElo "2340"]
[Result "1-0"]
[Round "1"]
1.e4 d5
2.exd5 Ng8f6
3.d4 Bc8g4
4.Bf1e2 Bg4xe2
5.Ng1xe2 Qd8xd5
6.O-O Nb8c6
7.c3 e5
8.Qd1a4 O-O-O
9.c4 Qd5d7
10.dxe5 Nc6xe5
11.Qa4xa7 Qd7c6
12.Nb1c3 Ne5xc4
13.Qa7a8 Kd7
14.Rf1d1 Bf8d6
15.Qa8a7 Kc8
16.b3 Nc4b6
17.Bc1e3 Bd6c5
18.Be3xc5 Qc6xc5
19.Nc3a4 Rd8xd1
20.Ra1xd1 Qc5e5
21.Na4xb6 cxb6
22.Rd1c1 Kd7
23.Qa7xb7 Ke6
24.Rc1e1 { resign }
1-0

[Event "Tourn. n9023"]
[Site "www.chess-mail.com"]
[Date "2016.10.23"]
[Round "1"]
[White "Mitja"]
[Black "Guidom"]
[WhiteElo "2000"]
[BlackElo "2170"]
[Result "0-1"]
[Round "1"]
1.d4 d5
2.e3 c6
3.h3 Bc8f5
4.Ng1e2 Ng8f6
5.Ne2g3 Bf5g6
6.c3 e6
7.Bf1e2 Bf8d6
8.Ng3f1 Nb8d7
9.Nb1d2 O-O
10.Nd2f3 Nf6e4
11.Nf1d2 Nd7f6
12.Nd2xe4 Nf6xe4
13.Nf3d2 f5
14.Nd2xe4 fxe4
15.b3 e5
16.Bc1b2 exd4
17.Qd1xd4 Qd8e7
18.c4 dxc4
19.Be2xc4 Kh8
20.Ra1d1 Ra8d8
21.g4 Bd6b4
22.Kf1 Rd8xd4
23.Bb2xd4 Qe7h4
24.Rh1h2 c5
25.Bd4e5 h5
26.Rd1d7 Rf8xf2
27.Rh2xf2 Qh4xh3
28.Rf2g2 Qh3h1
{ resign }
0-1

[Event "Tourn. n8954"]
[Site "www.chess-mail.com"]
[Date "2016.10.23"]
[Round "1"]
[White "Libiesse"]
[Black "Julian"]
[WhiteElo "1930"]
[BlackElo "2020"]
[Result "1/2-1/2"]
[Round "1"]
1.d4 d5
2.c4 e6
3.Ng1f3 Ng8f6
4.Bc1g5 Bf8e7
5.Nb1c3 c6
6.cxd5 exd5
7.e3 O-O
8.Bf1d3 Bc8g4
9.O-O Nb8d7
10.Bd3e2 h6
11.Bg5h4 Rf8e8
12.a3 Nf6e4
13.Bh4xe7 Qd8xe7
14.Ra1c1 Nd7f6
15.Nf3e5 Bg4xe2
16.Qd1xe2 a6
17.a4 Ra8c8
18.a5 c5
19.Ne5f3 cxd4
20.Nf3xd4 Ne4xc3
21.Rc1xc3 Rc8xc3
22.bxc3 Nf6e4
23.Qe2b2 Re8c8
24.Rf1c1 Qe7c7
25.Nd4e2 Qc7xa5
26.Qb2xb7 Rc8d8
27.Qb7b4 Qa5a2
28.Rc1e1 a5
29.Qb4b6 Rd8c8
30.f3 Ne4xc3
31.Ne2xc3 Rc8xc3
32.Qb6b8 Kh7
33.Qb8b1 { draw }
1/2-1/2

[Event "Match"]
[Site "www.echecsemail.com"]
[Date "2016.10.23"]
[Round "1"]
[White "Manuelito"]
[Black "Pramod"]
[WhiteElo "1599"]
[BlackElo "1539"]
[Result "0-1"]
[Round "1"]
1.d4 d5
2.Ng1f3 Ng8f6
3.e3 Bc8f5
4.Bf1e2 e6
5.O-O Bf8d6
6.Be2d3 Nf6e4
7.Nb1c3 Nb8d7
8.Nf3d2 Nd7f6
9.Nd2xe4 O-O
10.h3 Nf6xe4
11.Nc3xe4 dxe4
12.Bd3e2 Qd8h4
13.g4 Qh4xh3
14.f4 exf3
15.Rf1f2 fxe2
16.Qd1xe2 Bf5e4
17.Rf2h2 Bd6xh2
18.Qe2xh2 Qh3xg4
19.Kf1 Qg4d1
20.Kf2 Qd1xc2
21.Kg3 Qc2xh2
{ resign }
0-1

[Event "Match"]
[Site "www.echecsemail.com"]
[Date "2016.10.23"]
[Round "1"]
[White "Caspito"]
[Black "Orae"]
[WhiteElo "1830"]
[BlackElo "1810"]
[Result "1-0"]
[Round "1"]
1.e4 e5
2.Ng1f3 Nb8c6
3.Bf1c4 h6
4.c3 Ng8f6
5.d3 Bf8c5
6.b4 Bc5xf2
7.Kxf2 O-O
8.Rh1f1 a6
9.a4 a5
10.Nf3h4 d6
11.b5 Nf6g4
12.Kg1 Qd8xh4
13.h3 Ng4f6
14.Bc1e3 Nc6e7
15.Rf1f3 Qh4h5
16.Nb1d2 Bc8e6
17.Bc4xe6 fxe6
18.Rf3g3 Ra8d8
19.Qd1xh5 Nf6xh5
20.Rg3g4 Nh5f6
21.Rg4g3 Nf6h5
22.Rg3g4 Nh5f6
23.Rg4g3 Nf6h5
24.Rg3f3 b6
25.Kh2 Ne7g6
26.Ra1f1 Rf8f6
27.Be3xh6 Rf6xf3
28.gxf3 gxh6
29.Rf1g1 Kh7
30.Nd2f1 Nh5f4
31.d4 Nf4e2
32.Rg1g2 Ne2xc3
33.Rg2c2 exd4
34.Kg3  { time }
1-0

[Event "1/64 Finale"]
[Site "www.chess-mail.com"]
[Date "2016.10.23"]
[Round "1"]
[White "Vasylpuzanov"]
[Black "Fbeley"]
[WhiteElo "1740"]
[BlackElo "1970"]
[Result "0-1"]
[Round "1"]
1.d4 Ng8f6
2.c4 g6
3.Nb1c3 Bf8g7
4.Ng1f3 O-O
5.Bc1f4 d6
6.e3 Nb8d7
7.Bf1d3 Rf8e8
8.O-O a6
9.h3 e5
10.dxe5 Nd7xe5
11.Nf3xe5 dxe5
12.Bf4g5 Bc8e6
13.e4 Qd8d7
14.Nc3d5 Be6xd5
15.cxd5 c6
16.dxc6 Qd7xc6
17.Bg5xf6 { time. }
0-1

[Event "Tourn. n8959"]
[Site "www.chess-mail.com"]
[Date "2016.10.24"]
[Round "1"]
[White "Paaliaq"]
[Black "Ejner"]
[WhiteElo "2600"]
[BlackElo "2430"]
[Result "1-0"]
[Round "1"]
1.e4 c5
2.Ng1f3 d6
3.d4 cxd4
4.Nf3xd4 Ng8f6
5.Nb1c3 e6
6.g4 h6
7.Rh1g1 Bf8e7
8.Bc1e3 Nb8c6
9.Qd1f3 a6
10.O-O-O Qd8c7
11.h4 h5
12.gxh5 Nf6xh5
13.Nd4xc6 bxc6
14.Be3g5 Ra8b8
15.Bf1e2 g6
16.Be2c4 Bc8b7
17.Rg1e1 Rb8d8
18.Kb1 O-O
19.Re1g1 Kh7
20.Bg5xe7 Qc7xe7
21.Rg1g5 Nh5g7
22.Rd1g1 d5
23.h5 dxc4
24.hxg6 fxg6
25.Qf3h3 Kg8
26.Rg5xg6 Rf8f6
27.Rg6xg7 Qe7xg7
28.Rg1xg7 Kxg7
29.Qh3g3 Rf6g6
30.Qg3c7 Kh6
31.Qc7xd8 { resign }
1-0

[Event "Tourn. n8873"]
[Site "www.chess-mail.com"]
[Date "2016.10.24"]
[Round "1"]
[White "Bojan"]
[Black "Andychesston"]
[WhiteElo "1920"]
[BlackElo "1990"]
[Result "1-0"]
[Round "1"]
1.b4 e5
2.a3 d5
3.Bc1b2 Bf8d6
4.e3 Ng8f6
5.c4 b6
6.d4 e4
7.c5 Bd6e7
8.Nb1c3 c6
9.f3 Bc8f5
10.Bf1e2 Nb8d7
11.Be2a6 Ra8b8
12.g4 Bf5g6
13.h4 exf3
14.Qd1xf3 bxc5
15.dxc5 Nd7e5
16.Qf3e2 Ne5xg4
17.Ng1h3 O-O
18.Nh3f4 Bg6f5
19.Ra1d1 Rf8e8
20.Bb2c1 Ng4e5
21.Qe2g2 Ne5g4
22.Rh1h3 Qd8c7
23.Kf1 Ng4xe3
24.Bc1xe3 Bf5xh3
25.Nf4xh3 g6
26.Be3f4 Qc7d7
27.Rd1d4 Nf6h5
28.Bf4xb8 Re8xb8
29.Kg1 Be7f6
30.Rd4d3 Bf6xh4
31.Rd3f3 Rb8e8
32.Ba6e2 Re8e5
33.Nh3f4 Re5g5
34.Nf4xh5 Rg5xg2
35.Kxg2 Qd7g4
36.Kf1 Qg4xh5
37.Rf3xf7 Qh5e5
38.Rf7f3 Bh4f6
39.Nc3d1 Kg7
40.Kf2 Qe5h2
41.Ke3 d4
42.Kd3 Qh2e5
43.Nd1b2 Qe5d5
44.Nb2c4 h5
45.Nc4d6 Bf6g5
46.Rf3f7 Qd5xf7
47.Nd6xf7 Kxf7
48.Kxd4 Bg5f6
49.Ke4 h4
50.Be2g4 Ke7
51.a4 Bf6c3
52.b5 cxb5
53.axb5 Bc3b4
54.c6 Bb4a5
55.Ke5 Ba5b6
56.Kd5 g5
57.Ke5 Bb6d8
58.Kd5 Kf6
59.Kd6 Bd8e7
60.Kd7 Be7c5
61.c7 Ke5
62.c8Q Bc5b6
63.Qc8e8 Kf4
64.Qe8e6 Kg3
65.Qe6e2 h3
66.Qe2f3 Kh2
67.Bg4xh3 { resign }
1-0

[Event "Tourn. n9025"]
[Site "www.chess-mail.com"]
[Date "2016.10.24"]
[Round "1"]
[White "Redabond"]
[Black "Manuelito"]
[WhiteElo "1700"]
[BlackElo "1680"]
[Result "1-0"]
[Round "1"]
1.d4 d5
2.Bc1f4 Ng8f6
3.Nb1c3 a6
4.e3 e6
5.Ng1f3 Bf8d6
6.Bf4xd6 Qd8xd6
7.Bf1d3 O-O
8.O-O c6
9.Nf3e5 c5
10.Ne5f3 cxd4
11.Nf3xd4 Nb8c6
12.Nd4xc6 bxc6
13.e4 dxe4
14.Nc3xe4 Qd6e7
15.Ne4xf6 Qe7xf6
16.Qd1e2 Bc8b7
17.Qe2h5 h6
18.Rf1e1 Ra8b8
19.Re1e3 Qf6g6
20.Bd3xg6 { resign }
1-0

[Event "Tourn. n8995"]
[Site "www.chess-mail.com"]
[Date "2016.10.24"]
[Round "1"]
[White "Luban"]
[Black "Libiesse"]
[WhiteElo "1990"]
[BlackElo "1990"]
[Result "1-0"]
[Round "1"]
1.d4 d5
2.Ng1f3 e6
3.e3 Ng8f6
4.a3 c5
5.c4 cxd4
6.exd4 Nb8c6
7.h3 Bf8e7
8.Bc1e3 O-O
9.Nb1c3 a6
10.Bf1d3 dxc4
11.Bd3xc4 b5
12.Bc4d3 Bc8b7
13.Nc3e4 Nf6d5
14.Qd1d2 Ra8c8
15.O-O Nc6a5
16.Ra1c1 Rc8xc1
17.Qd2xc1 Qd8b6
18.b4 Na5c6
19.Ne4c5 Rf8c8
20.Qc1b1 Be7d6
21.Bd3xh7 Kh8
22.Nf3g5 Qb6c7
23.Rf1c1 Nd5xe3
24.fxe3 Bd6h2
25.Kh1 Bb7a8
26.Nc5xa6 Qc7g3
27.Ng5xf7 
1-0

[Event "Tourn. n8828"]
[Site "www.chess-mail.com"]
[Date "2016.10.24"]
[Round "1"]
[White "Kampungboy"]
[Black "Emiondi"]
[WhiteElo "1970"]
[BlackElo "2170"]
[Result "1-0"]
[Round "1"]
1.e4 e5
2.Ng1f3 Ng8f6
3.Nb1c3 Nb8c6
4.Bf1b5 Bf8c5
5.Nf3xe5 Nc6d4
6.Ne5d3 Bc5b6
7.e5 Nf6g8
8.O-O Ng8e7
9.Bb5c4 O-O
10.b3 d6
11.exd6 Qd8xd6
12.a4 Qd6g6
13.a5 Bc8g4
14.Nd3e5 Bg4xd1
15.Ne5xg6 Ne7xg6
16.axb6 Bd1xc2
17.bxa7 Bc2xb3
18.d3 Bb3xc4
19.dxc4 Ng6e5
20.Ra1a4 Ne5c6
21.Bc1e3 Rf8d8
22.Nc3b5 Nd4e6
23.f4 f5
24.Rf1e1 Kf7
25.Be3f2 Rd8d7
26.g3 b6
27.Ra4a2 Ne6c5
28.Bf2xc5 bxc5
29.Ra2a6 Nc6d4
30.Kf2 c6
31.Nb5xd4 cxd4
32.Re1a1 g6
33.Ke2 c5
34.h3 Rd7c7
35.Kd3 Kg7
36.Ra1a5 Kf7
37.g4 fxg4
38.hxg4 Ke7
39.Ra5a2 Kf7
40.Ra2a5 Ke7
41.Ra5a2 Kf7
42.g5 Ke7
43.Ra2a5 Kf7
44.f5 gxf5
45.Ra6f6 Ke7
46.Rf6h6 Kd8
47.g6 { resign }
1-0

[Event "Tourn. n8970"]
[Site "www.chess-mail.com"]
[Date "2016.10.24"]
[Round "1"]
[White "Cirovicz"]
[Black "Al3x"]
[WhiteElo "1990"]
[BlackElo "1930"]
[Result "1/2-1/2"]
[Round "1"]
1.e4 e6
2.d4 c5
3.dxc5 Bf8xc5
4.Ng1f3 Nb8c6
5.c3 Ng8f6
6.Bc1g5 Bc5e7
7.e5 Nf6d5
8.Bg5xe7 Nd5xe7
9.Bf1b5 Qd8b6
10.Qd1e2 O-O
11.Bb5xc6 Qb6xc6
12.Nb1d2 b6
13.O-O Bc8b7
14.Rf1e1 Ne7g6
15.Qe2f1 Ra8d8
16.Qf1c4 d6
17.Qc4xc6 Bb7xc6
18.exd6 Rd8xd6
19.Nd2e4 Rd6d7
20.Ne4g3 Bc6xf3
21.gxf3 Rd7d2
22.Re1e2 Rf8d8
23.Ra1b1 Ng6h4
24.Re2xd2 Rd8xd2
25.f4 g6
26.Ng3e4 Rd2c2
27.Kf1 Nh4f3
28.Kg2 Nf3d2
29.Ne4xd2 Rc2xd2
30.Kf3 Kg7
31.Ke3 Rd2c2
32.h3 Kh6
33.f3 Kh5
34.a4 Kh4
35.a5 b5
36.a6 Kxh3
37.Rb1h1 Rc2h2
38.Rh1xh2 Kxh2
39.Kf2 h5
40.b3 f6
41.c4 bxc4
42.bxc4 g5
43.fxg5 fxg5
44.c5 g4
45.fxg4 hxg4
46.c6 g3
47.Ke2 g2
48.c7 g1Q
49.c8Q Qg1g4
50.Ke3 Qg4g5
51.Kf2 Qg5d2
52.Kf3 Qd2d3
53.Kf2 Qd3d2
54.Kf3 { draw }
1/2-1/2

[Event "Tourn. n9011"]
[Site "www.chess-mail.com"]
[Date "2016.10.24"]
[Round "1"]
[White "Huw"]
[Black "Norlavuaram"]
[WhiteElo "2220"]
[BlackElo "2230"]
[Result "1-0"]
[Round "1"]
1.d4 Ng8f6
2.c4 g6
3.Ng1f3 Bf8g7
4.g3 O-O
5.Bf1g2 d5
6.cxd5 Nf6xd5
7.e4 Nd5b6
8.O-O c6
9.h3 Nb8a6
10.Nb1c3 Nb6d7
11.Qd1e2 e5
12.Bc1e3 Rf8e8
13.Ra1d1 Qd8e7
14.d5 cxd5
15.Rd1xd5 Na6b4
16.Rd5d2 Nb4c6
17.Rf1d1 Nd7f6
18.Be3g5 Qe7c7
19.Rd2d6 Re8e6
20.Rd6xe6 Bc8xe6
21.Nc3d5 Nf6xd5
22.exd5 { resign }
1-0

[Event "Tourn. n8874"]
[Site "www.chess-mail.com"]
[Date "2016.10.24"]
[Round "1"]
[White "Tartan"]
[Black "Kampungboy"]
[WhiteElo "2340"]
[BlackElo "2290"]
[Result "1/2-1/2"]
[Round "1"]
1.e4 c5
2.Ng1f3 e6
3.d4 cxd4
4.Nf3xd4 a6
5.Bf1d3 Qd8b6
6.Nd4b3 Nb8c6
7.O-O Ng8f6
8.Bc1e3 Qb6c7
9.Nb1c3 Bf8e7
10.f4 d6
11.Qd1f3 O-O
12.a4 Nc6b4
13.a5 e5
14.f5 Bc8d7
15.Rf1e1 Bd7c6
16.Be3b6 Qc7b8
17.Ra1d1 d5
18.Nc3xd5 Nb4xd5
19.exd5 Bc6xd5
20.Qf3f2 e4
21.c4 exd3
22.cxd5 Nf6g4
23.Qf2g3 Qb8xg3
24.hxg3 Be7d6
25.Bb6c5 Bd6xg3
26.Re1e4 h5
27.Re4xg4 hxg4
28.Rd1xd3 Bg3e5
29.Bc5xf8 Kxf8
30.Nb3c5 Ke7
31.Nc5xb7 Be5xb2
32.d6 Kd7
33.Nb7c5 Kc6
34.Nc5a4 Bb2e5
35.Na4b6 Ra8d8
36.d7 Be5c7
37.Rd3b3 g3
38.Kf1 Bc7xb6
{ draw }
1/2-1/2

[Event "Tourn. n9023"]
[Site "www.chess-mail.com"]
[Date "2016.10.24"]
[Round "1"]
[White "Guidom"]
[Black "Norlavuaram"]
[WhiteElo "2170"]
[BlackElo "2210"]
[Result "0-1"]
[Round "1"]
1.e4 e5
2.Ng1f3 Nb8c6
3.Bf1b5 a6
4.Bb5a4 Ng8f6
5.O-O Bf8e7
6.d3 d6
7.Bc1g5 b5
8.Ba4b3 O-O
9.c3 Nc6a5
10.Bb3c2 c5
11.b4 Na5c6
12.a3 h6
13.Bg5h4 Qd8c7
14.Nb1d2 Nf6h7
15.Bh4xe7 Qc7xe7
16.Rf1e1 f5
17.exf5 Bc8xf5
18.d4 cxd4
19.cxd4 Bf5xc2
20.Qd1xc2 Ra8c8
21.dxe5 Nc6xe5
22.Qc2b3 Kh8
23.Nf3xe5 dxe5
24.Nd2e4 Nh7f6
25.f3 Nf6xe4
26.Re1xe4 Qe7a7
27.Kh1 Qa7f2
28.Re4xe5 Rc8c2
29.Ra1g1 Rf8d8
30.Qb3f7 Qf2xg1
31.Kxg1 Rd8d1
{ resign }
0-1

[Event "Match"]
[Site "www.echecsemail.com"]
[Date "2016.10.24"]
[Round "1"]
[White "Ericleo1980"]
[Black "Karlgrocer"]
[WhiteElo "2200"]
[BlackElo "2010"]
[Result "0-1"]
[Round "1"]
1.e4 c5
2.Ng1f3 d6
3.d4 cxd4
4.Nf3xd4 Ng8f6
5.Nb1c3 e6
6.Bc1e3 Bf8e7
7.g4 Nb8c6
8.g5 Nf6d7
9.h4 a6
10.Qd1d2 Nc6e5
11.f3 O-O
12.O-O-O Qd8c7
13.h5 b5
14.g6 Ne5c6
15.gxf7 Rf8xf7
16.Nd4xe6 Qc7b7
 { time }
0-1

[Event "Match"]
[Site "www.echecsemail.com"]
[Date "2016.10.24"]
[Round "1"]
[White "Markos123"]
[Black "Menace"]
[WhiteElo "1870"]
[BlackElo "2260"]
[Result "0-1"]
[Round "1"]
1.d4 d5
2.Bc1f4 Ng8f6
3.f3 Bc8f5
4.e3 c6
5.Bf1d3 Bf5g6
6.Ng1h3 Nb8d7
7.O-O e6
8.Qd1e1 Bf8e7
9.b4 O-O
10.e4 a5
11.b5 c5
12.e5 Nf6h5
13.Bf4d2 f5
14.c3 c4
15.Bd3c2 a4
16.a3 Bg6f7
17.f4 g6
18.Qe1d1 Qd8a5
19.Bc2xa4 Qa5xa4
20.Qd1xa4 Ra8xa4
21.Bd2e1 Nd7b6
22.g3 Bf7e8
23.Nb1d2 Be8xb5
24.Ra1b1 Ra4xa3
25.Rb1xb5 Ra3a6
26.Be1f2 Be7d8
27.Nd2f3 Ra6a3
28.Rf1c1 Rf8e8
29.Kf1 Nb6a4
30.Rb5xb7 Na4xc3
31.Nf3g5 Nh5g7
32.Bf2e1 Nc3e4
33.Be1b4 Ra3b3
34.Ng5xe4 fxe4
35.Kg2 Bd8a5
36.Rc1a1 Rb3xb4
37.Rb7a7 Rb4b2
38.Nh3f2 Ba5b6
39.Ra7b7 Bb6xd4
40.Rb7xb2 Bd4xb2
41.Ra1b1 c3
42.Nf2g4 Re8b8
43.Ng4h6 Kf8
44.Kf2 c2
45.Rb1e1 c1Q
46.Nh6g4 Qc1d2
47.Kf1 { time. }
0-1

[Event "Match"]
[Site "www.echecsemail.com"]
[Date "2016.10.24"]
[Round "1"]
[White "Cpace92"]
[Black "Billyg"]
[WhiteElo "1199"]
[BlackElo "1680"]
[Result "0-1"]
[Round "1"]
1.e4 e5
2.Ng1f3 d6
3.c3 Bc8g4
4.d4 Bg4xf3
5.Qd1xf3 Ng8f6
6.Bf1c4 h6
7.O-O Nb8d7
8.Bc1e3 c6
 { time }
0-1

[Event "Match"]
[Site "www.echecsemail.com"]
[Date "2016.10.24"]
[Round "1"]
[White "Drawlward"]
[Black "Witpar"]
[WhiteElo "2009"]
[BlackElo "2650"]
[Result "1/2-1/2"]
[Round "1"]
1.e4 c5
2.Ng1f3 e6
3.d4 cxd4
4.Nf3xd4 Ng8f6
5.Nb1c3 d6
6.g4 h6
7.Rh1g1 Nb8c6
8.Bc1e3 a6
9.h4 h5
10.gxh5 Rh8xh5
11.Be3g5 Rh5h8
12.Nd4xc6 bxc6
13.Qd1f3 Qd8a5
14.O-O-O Ra8b8
15.Bf1c4 Bf8e7
16.Kb1 Kf8
17.Qf3g3 Nf6e8
18.Bc4b3 Qa5c7
19.h5 Be7xg5
20.Qg3xg5 c5
21.f4 Bc8d7
22.f5 c4
23.fxe6 Bd7xe6
24.Bb3a4 Qc7b7
25.b3 Qb7b4
26.Kb2 f6
27.Qg5g6 Rh8h6
28.Qg6g3 cxb3
29.axb3 Rh6xh5
30.Rg1h1 Rh5c5
31.Rh1h8 Kf7
32.Ba4xe8 Rb8xe8
33.Rh8xe8 Kxe8
34.Rd1d3 Rc5a5
35.Qg3xd6 Qb4xd6
36.Rd3xd6 Ke7
37.Rd6b6 g5
38.b4 Ra5e5
39.Rb6xa6 g4
40.Ra6a7 Kd6
41.Ra7a6 Ke7
42.Ra6a7 Kd6
{ draw }
1/2-1/2

[Event "Match"]
[Site "www.echecsemail.com"]
[Date "2016.10.24"]
[Round "1"]
[White "Vitoriccardo"]
[Black "Osvalazo"]
[WhiteElo "2030"]
[BlackElo "1690"]
[Result "0-1"]
[Round "1"]
1.e4 e5
2.Ng1f3 Nb8c6
3.Bf1c4 h6
4.d4 Ng8f6
5.Nf3xe5 Nc6xe5
6.dxe5 Nf6g8
7.Nb1c3 Bf8b4
8.Qd1g4 g5
9.Bc1d2 Bb4c5
10.O-O-O Bc5xf2
11.Qg4f3 Rh8h7
12.Qf3xf2 c6
13.Rh1f1 d5
14.exd5 Qd8e7
15.dxc6 bxc6
16.Rd1e1 Bc8e6
17.Bc4xe6 Qe7xe6
18.Qf2c5 Ng8e7
19.Nc3e4 Kf8
20.Rf1f6 Qe6xa2
21.Qc5a3 Qa2d5
22.Bd2b4 Qd5d8
23.Bb4xe7 Qd8xe7
24.Qa3xe7 Kxe7
25.Rf6xc6 Kd7
26.Ne4f6 Kxc6
27.Nf6xh7 a5
28.Re1f1 Ra8a7
29.Rf1f6 Kd5
30.Rf6xh6 Kxe5
31.Nh7xg5 Kf5
32.h4 Kg4
33.Ng5e4 f5
34.Ne4d6 Ra7d7
35.Nd6c4 a4
36.h5 { time. }
0-1

[Event "Match"]
[Site "www.echecsemail.com"]
[Date "2016.10.24"]
[Round "1"]
[White "Nulladies"]
[Black "Sonny1000"]
[WhiteElo "1770"]
[BlackElo "1360"]
[Result "1-0"]
[Round "1"]
1.d4 d5
2.Bc1f4 Bc8f5
3.Ng1f3 Bf5e4
4.Nb1d2 Ng8f6
5.Nd2xe4 Nf6xe4
6.Nf3d2 Nb8c6
7.f3 Ne4xd2
8.Qd1xd2 h5
9.O-O-O a5
10.e4 a4
11.Bf1b5 h4
12.Bb5xc6 bxc6
13.Qd2c3 Ra8a6
14.Rh1e1 dxe4
15.Re1xe4 Qd8d5
16.a3 Qd5a2
17.Kd2 h3
18.g4 f6
19.Bf4xc7 Ra6a7
20.Bc7b6 Ra7d7
21.Rd1e1 Rd7d6
22.Bb6c5 Rd6d7
23.Re4e6 g6
24.Re6xc6 Bf8h6
25.Kd3 Bh6f4
26.b3 Qa2xa3
27.Bc5xa3 Bf4xh2
28.Rc6c8 Rd7d8
29.Ba3xe7 Rd8xc8
30.Qc3xc8 { resign }
1-0

[Event "Match"]
[Site "www.echecsemail.com"]
[Date "2016.10.24"]
[Round "1"]
[White "Manuelito"]
[Black "Genius2"]
[WhiteElo "1599"]
[BlackElo "1720"]
[Result "1-0"]
[Round "1"]
1.d4 d6
2.Ng1f3 g6
3.e3 Bf8g7
4.Bf1e2 Ng8f6
5.O-O O-O
6.Nb1c3 Nb8d7
7.Bc1d2 c5
8.dxc5 Nd7xc5
9.b4 Nc5e4
10.Nc3xe4 Nf6xe4
11.Ra1c1 Ne4xd2
12.Qd1xd2 Bc8g4
13.h3 Bg4xf3
14.Be2xf3 Qd8c7
15.c4 Ra8c8
16.Rc1c2 b5
17.Rf1c1 bxc4
18.Rc2xc4  { time }
1-0

[Event "Match"]
[Site "www.echecsemail.com"]
[Date "2016.10.24"]
[Round "1"]
[White "Whitekknight"]
[Black "Genius2"]
[WhiteElo "1990"]
[BlackElo "1720"]
[Result "1-0"]
[Round "1"]
1.e4 c5
2.Ng1f3 d6
3.d4 cxd4
4.Nf3xd4 Ng8f6
5.Nb1c3 a6
6.Bc1g5 e6
7.Qd1f3 Bf8e7
8.Bf1c4 O-O
9.O-O Nb8c6
10.Nd4xc6 bxc6
11.Rf1e1 Qd8c7
12.Ra1d1 Bc8b7
13.Bg5h4 Rf8e8
14.Bh4g3 Re8d8
15.Rd1d3 c5
16.h3 Bb7c6
17.e5 d5
18.exf6  { time }
1-0